|
|
|
|
| LEADER |
00794nta a2200181 i 4500 |
| 001 |
dipl3369 |
| 005 |
20160520155919.0 |
| 008 |
110407s2009 hu om 0|| hun d |
| 040 |
|
|
|a SZTE Diploma Repozitórium
|b hun
|
| 041 |
|
|
|a hun
|
| 100 |
1 |
|
|a Doba Tamás Ferenc
|
| 245 |
1 |
0 |
|a Virtuális bejáró program
|h [elektronikus dokumentum] /
|c Tamás Ferenc Doba
|
| 260 |
|
|
|c 2009
|
| 650 |
|
4 |
|a Informatika
|
| 700 |
1 |
|
|a Nyúl László
|e ths
|
| 856 |
4 |
0 |
|u http://diploma.bibl.u-szeged.hu/id/eprint/3369/2/2009_doba_tamas_ferenc_p_09_08_melleklet.tgz
|z Dokumentum-elérés
|
| 856 |
4 |
0 |
|u http://diploma.bibl.u-szeged.hu/id/eprint/3369/3/2009_doba_tamas_ferenc_p_09_08.pdf
|z Dokumentum-elérés
|
| 856 |
4 |
0 |
|u http://diploma.bibl.u-szeged.hu/id/eprint/3369/4/2009_doba_tamas_ferenc_p_09_08_biralat.pdf
|z Dokumentum-elérés
|